000 00873nam a2200253 a 4500
001 000042557
005 20251104113614.0
008 140127s2008 dr a 001 0 spa d
020 _a9781929285068
040 _aDO-SdBNP
_bspa
_cBNPHU
082 _a332.4
_bA148m
100 1 _aAbinader, José Rafael
_911652
245 1 4 _aUna moneda mundial el globo /
_cJosé Rafael Abinader.
246 1 _aEl globo :
_buna moneda mundial.
260 _a[Estados Unidos] :
_bIsla Books Publishing,
_c2008.
300 _a224 p. :
_bil., retr. ;
_c23 cm.
500 _aIncluye datos biográficos del autor en la solapa de la cubierta.
504 _aBibliografía: p.207-209
590 _aInventariado, 2018/MFF
650 0 _aMoneda
_93308
650 4 _aSistema monetario internacional
_969804
650 0 _aCuestión monetaria
_930465
910 _aValidado. Control de calidad EMS.
999 _c42046
_d42046